Normal view
MARC view
- Bina Shah
Entry Personal Name
001 - CONTROL NUMBER
- control field: 1344
003 - CONTROL NUMBER IDENTIFIER
- control field: NUST
005 - DATE AND TIME OF LATEST TRANSACTION
- control field: 20170523140121.0
008 - FIXED-LENGTH DATA ELEMENTS
- fixed length control field: 170523|| aca||aabn | a|a d
040 ## - CATALOGING SOURCE
- Original cataloging agency: NUST
- Transcribing agency: NUST
100 ## - HEADING--PERSONAL NAME
- Personal name: Bina Shah
670 ## - SOURCE DATA FOUND
- Source citation: Work cat.: (NUST)0: Bina Shah, The 786 cybercafe, 2004
